00420nam a22001457a 4500020001800000082001600018100002000034245003000054260003200084300000800116650001500124942000700139952011100146999001700257 a0-88344-612-X a291.172 LOC aLocchead, David aThe Dialogical Imperative aNew YorkbOrbis Booksc1988 a104 aInterfaith cBK 00104070aHMIbHMIcGENd1996-12-20g0.00l1o291.172 LOCp17100r2024-02-01s2024-02-01w2017-09-04yBK c20602d20602